01543nab a22002177a 4500999001500000003000400015005001700019008004100036040000700077100003300084245015600117260007200273300001300345505058800358505007400946505008901020650002301109650005201132773012801184942001301312 c6095d6095OSt20260122070438.0190502c xxu||||| |||| 00| 0 spa d cPJ aSantoianni, Juan Pablo9663610aError sobre la edad del sujeto pasivo en los delitos de abuso sexual y principio de congruencia :bel fallo “F. M. C. V.” /cJuan Pablo Santoianni. aCiudad Autónoma de Buenos Aires :bThomson Reuters La Ley,c2024. ap. 48-58 aSumario: I. Introducción.— II. Aspectos centrales del fallo “F. M. C. V.”.— III. Distintas posturas sobre el error acerca de la edad del sujeto pasivo en los delitos de abuso sexual.— IV. Nuestra posición: estupro consumado con necesidad de puntual intimación respecto del “aprovechamiento de la inmadurez sexual”.— V. Contenido de la acusación y principio de congruencia en los supuestos de error sobre la edad de la víctima.— VI. El error sobre la edad de la víctima y el principio de congruencia en el fallo “F. M., C. V.”.— VII. Conclusión.  aFallo comentado: CCrim. 2a Nom., Catamarca, 15/03/2022. - F. M. C. V. t¿Te interesa el texto completo? Solicitalo al correo: koha@justierradelfuego.gov.ar 09343aDERECHO PENAL 094467aABUSO SEXUAL CALIFICADO POR ACCESO CARNAL0 0272993180dBuenos Aires : LexisNexis, 2006-tRevista de derecho penal y procesal penal. Nº 10 - Octubre 2024z9875920622 2udccANA